000 00797nam a2200253Ia 4500
003 OSt
005 20220930085229.0
006 a|||||r|||| 00| 0
007 ta
008 220926b |||||||| |||| 00| 0 eng d
024 _a94383
037 _cTheses
040 _aCRL
_cCRL
_beng
041 _2eng
_aeng
100 _aRakshit Kumar
_9539772
110 _aUniversity of Delhi. Faculty of Medical Sciences. Department of Medicine
245 0 _aStudy of thyroid function abnormalities in patients of metabolic syndrome
260 _c2004
650 _aMEDICINE
700 _a Dr. V. P. S. Punia Gu.
_9536854
700 _aUniversity of Delhi. Faculty of Medical Sciences. Department of Medicine
942 _cDIS
_2CC
999 _c878580
_d878580